ბათუმის შოთა რუსთაველის სახელმწიფო უნივერსიტეტის ბიბლიოთეკა

Parasitology / (ბიბ.ჩანაწერი № 50434)

000 -LEADER
fixed length control field 01283cam a22003494a 4500
001 - CONTROL NUMBER
control field 11814411
005 - DATE AND TIME OF LATEST TRANSACTION
control field 20200227110711.0
008 - FIXED-LENGTH DATA ELEMENTS--GENERAL INFORMATION
fixed length control field 991019s2000 nyua b 001 0 eng
010 ## - LIBRARY OF CONGRESS CONTROL NUMBER
LC control number 99055177
020 ## - INTERNATIONAL STANDARD BOOK NUMBER
International Standard Book Number 0748408177 (pbk.)
040 ## - CATALOGING SOURCE
Original cataloging agency DLC
Transcribing agency DLC
Modifying agency DLC
041 ## - LANGUAGE CODE
Language code of text/sound track or separate title eng
042 ## - AUTHENTICATION CODE
Authentication code pcc
050 00 - LIBRARY OF CONGRESS CALL NUMBER
Classification number QR251
Item number .C52 2000
080 ## - UNIVERSAL DECIMAL CLASSIFICATION NUMBER
Universal Decimal Classification number 576.8 Ch-51
082 00 - DEWEY DECIMAL CLASSIFICATION NUMBER
Classification number 616.9/6
Edition number 21
100 1# - MAIN ENTRY--PERSONAL NAME
Personal name Chernin, Jack.
9 (RLIN) 7543
245 10 - TITLE STATEMENT
Title Parasitology /
Statement of responsibility, etc. Jack Chernin.
264 ## - PRODUCTION, PUBLICATION, DISTRIBUTION, MANUFACTURE, AND COPYRIGHT NOTICE
Place of production, publication, distribution, manufacture New York :
Name of producer, publisher, distributor, manufacturer Taylor & Francis,
Date of production, publication, distribution, manufacture, or copyright notice 2000.
300 ## - PHYSICAL DESCRIPTION
Extent viii, 139 p. :
Other physical details ill. ;
Dimensions 25 cm.
490 1# - SERIES STATEMENT
Series statement Lifelines
504 ## - BIBLIOGRAPHY, ETC. NOTE
Bibliography, etc. note Includes bibliographical references (p. [131]-132) and index.
650 #0 - SUBJECT ADDED ENTRY--TOPICAL TERM
Topical term or geographic name entry element Medical parasitology.
9 (RLIN) 7544
650 #0 - SUBJECT ADDED ENTRY--TOPICAL TERM
Topical term or geographic name entry element Parasitology.
9 (RLIN) 7545
653 ## - INDEX TERM--UNCONTROLLED
keyword პარაზიტოლოგია
653 ## - INDEX TERM--UNCONTROLLED
keyword მედიცინა
830 #0 - SERIES ADDED ENTRY--UNIFORM TITLE
Uniform title Lifelines (Taylor & Francis)
9 (RLIN) 7546
856 42 - ELECTRONIC LOCATION AND ACCESS
Materials specified Publisher description
Uniform Resource Identifier http://www.loc.gov/catdir/enhancements/fy0743/99055177-d.html
906 ## - LOCAL DATA ELEMENT F, LDF (RLIN)
a 7
b cbc
c orignew
d 1
e ocip
f 19
g y-gencatlg
942 ## - ADDED ENTRY ELEMENTS (KOHA)
Source of classification or shelving scheme
Koha item type წიგნი
ეგზემპლარები
Withdrawn status Lost status Source of classification or shelving scheme Damaged status Not for loan Permanent Location Current Location Shelving location Date acquired Cost, normal purchase price Full call number Barcode Date last seen Copy number Price effective from Koha item type Public note
          ბათუმის შოთა რუსთაველის სახელმწიფო უნივერსიტეტის მთავარი ბიბლიოთეკა ბათუმის შოთა რუსთაველის სახელმწიფო უნივერსიტეტის მთავარი ბიბლიოთეკა წიგნსაცავი 2018-12-17 150.00 576.8 Ch-51 716 2018-12-17 716 2018-12-17 წიგნი 150 ლ.